000 002560000a22000970004500
100 1 _aLandrey, Pablo
245 1 0 _aPutting LAM work in context
300 _aVol. 74, Num. 2 (Enero-Febrero, 1994), Página 5
773 0 _tLatin America Evangelist
942 _cANA
999 _c54781
_d54781